000 00657cam a2200205 4500
001 D15372
008 090401t1984 xxu||||| |||| 00| 0 eng d
035 _a(Sirsi) u22284
041 _aeng
050 _a333.33094
090 _aRICS 1984/18ABD
110 _aRoyal Institution of Chartered Surveyors
_bContinental Group
_91029
245 _aEuropean Property investment seminar. One-day conference at RICS Westminster Centre, 14 June 1984
260 _aLondon
_bSurveyors Technical Services
_c1984
300 _a9 papers
350 _a0
520 _aFiled in box RICS 1984/18. Papers also catalogued separately.
942 _n0
948 _c04/03/1997
999 _c88160
_d88160